00680 2200253 4500001002100000005001700021008004100038035002400079090001500103100001800118245007700136250001100213260003600224300002500260650003500285850001500320980001300335985000600348986001300354999001500367999001500382999001400397999001500411YOGYA-0209000001540320090227022527.0 ind  0010-020900000015403 a337bPan B aPANGLAYKIM, J aBeberapa aspek ekonomi dan bisnis nasional &internasionalcJ. Panglaykim aCet. 1 aJakartabGhalia Indonesiac1983 a254 hlmbilusc21 cm aHubungan ekonomi internasional aYOPDYOG(B) a29-08-05 a4 afwhrtrev a02P0000339 a02P0000340 a02P000341 a96A0024615